Juncker Plan and Trump Plan: infrastructures for the market or for the citizens? /
Na minha lista:
| Autor principal: | |
|---|---|
| Formato: | Desconhecido |
| Idioma: | English |
| Tags: |
Adicionar Tag
Sem tags, seja o primeiro a adicionar uma tag!
|
MARC
| LEADER | 00000 a2200000 04500 | ||
|---|---|---|---|
| 001 | 46602 | ||
| 003 | cru CIDCACS/IIS | ||
| 005 | 20191018101203.0 | ||
| 008 | 191017s2017 it t| p|r || ||eng|d | ||
| 999 | |c 42502 |d 42502 | ||
| 040 | |c cru CIDCACS/IIS | ||
| 100 | 1 | |9 8710 |a Fontana, Olimpia | |
| 245 | 1 | |a Juncker Plan and Trump Plan: |b infrastructures for the market or for the citizens? / |c Olimpia Fontana | |
| 300 | |a páginas 6-8 | ||
| 773 | 0 | |0 4879 |9 3143 |a Einstein Center for International Studies |d Italia : Einstein Center for International Studies |o 17613 |t The Federalist Debate: |w (cru CIDCACS/IIS)46602 |x 15918483 | |
| 942 | |2 ddc |c PP | ||
